| 000 | 00967nmc a2200337 a 4500 | ||
|---|---|---|---|
| 003 | AR-BaBNM | ||
| 005 | 20251128205615.0 | ||
| 008 | 058119s1997 ||||||||||||||000 | spa|| | ||
| 020 | _a950-16-3082-X | ||
| 040 | _cAR-BaBNM | ||
| 100 | 1 | _aBarsky, Osvaldo | |
| 245 | 1 | 0 | _aLos posgrados universitarios en la República Argentina |
| 250 | _a1ª ed. | ||
| 260 |
_aBuenos Aires _bTroquel _c1997 |
||
| 300 | 0 |
_a240 p. _btablas, gráfs. |
|
| 490 | 0 | _aTroquel Educación | |
| 500 | 0 | _aAnexo 1: p. 213-230 | |
| 500 | 0 | _aAnexo 2: p. 231-235 | |
| 504 | _aBibliografía: p. 237-240 | ||
| 650 | 4 | _aESTUDIOS DE POSTGRADO | |
| 650 | 4 | _aPROGRAMAS DE DOCTORADO | |
| 650 | 4 | _aSISTEMAS EDUCACIONALES | |
| 651 | 4 | _aArgentina | |
| 653 | 0 | _aSISTEMA EDUCATIVO | |
| 653 | 0 | _aEDUCACION SUPERIOR | |
| 653 | 0 | _aFINANCIAMIENTO EDUCATIVO | |
| 700 | 1 |
_aJeppesen, Cynthia V. _ecolaborador |
|
| 700 | 1 |
_aSassano, Silvana S. _ecolaborador |
|
| 942 | _cBK | ||
| 998 | _carturo | ||
| 999 |
_c12106 _d12106 |
||